000 00222 a2200085 4500
020 _a 9783836560108
100 _a Louna Lahti
245 _aAlvar Aalto: Paradise for the Man in the Street
260 _b Taschen America Llc
_c2015
999 _c13377
_d13377